000 00405nam a2200181Ia 4500
001 24869
005 20260414151112.0
008 260414t2012||||xx |||||||||||||| ||spa||
041 _aESP
082 _a346
_bO617 V.11
110 _aObservatorio de Derecho Civil
245 0 _aEl contrato
_b
260 _c2012
300 _a
_c24 cm.
650 _aDER
654 _aCDE
942 _cLIB
_dJUS
_fJUS
_2ddc
_n
999 _c24869
_d24869